007540000a22002650004500082002300000518001500023530000600038100001800044245007400062250001200136260009600148260000900244300002300253041000800276500002800284650001700312650002400329650002500353650002600378650002500404650001600429651001000445536001600455005001700471 a334.6800952bM289a a2009-02-02 aM aMadane, M. V. aAgricultural cooperatives in Japan; the dynamics of their development a2nd ed. aNew DelhibInternational Co-operative Alliance, Regional office for Asia and Pacific, India c1992 axvi, 220p.billus. aEng aBibliography: p.217-220 aCooperatives aCooperative farming aCooperative programs aCooperative movements aEconomic development aAgriculture aJapan aSRS Neupane20120907085620.0